000 00463nam a2200157Ia 4500
008 160316s2001 xxu||||| |||| 00| 0 eng d
082 _a344.013400
_bMON
100 _aMonde Enda Tiers
245 _aAnnual news bulletin of the African movement of working children and Youth (AMWCY)
250 _a
260 _aSenegal
_bWorking Children and Youth
_c2001
300 _a20
_b
_c
365 _b
650 _a1. street children 2. working children
700 _a
_a
999 _c33861
_d33861